Aplicación de lean-six sigma y pensamiento holónico para la reducción de sobrecostos de un Centro de Producción Hidroeléctrico del ICE
Na minha lista:
| Autor principal: | |
|---|---|
| Outros Autores: | |
| Formato: | Livro |
| Idioma: | Spanish |
| Publicado em: |
[San José, Costa Rica]
2015
|
| Assuntos: | |
| Tags: |
Adicionar Tag
Sem tags, seja o primeiro a adicionar uma tag!
|
MARC
| LEADER | 00000nam a22000007a 4500 | ||
|---|---|---|---|
| 003 | 012142 | ||
| 005 | 20221231143906.0 | ||
| 008 | 150421b2015 cr a|||| |||| 00| 0 spa d | ||
| 040 | |c cru CEDI | ||
| 090 | |a TFG 7307 | ||
| 100 | |9 749 |a Molina Rodríguez, Andrés | ||
| 245 | |a Aplicación de lean-six sigma y pensamiento holónico para la reducción de sobrecostos de un Centro de Producción Hidroeléctrico del ICE | ||
| 260 | |a [San José, Costa Rica] |c 2015 | ||
| 500 | |a Proyecto de graduación (licenciatura en ingeniería industrial)--Universidad de Costa Rica. Facultad de Ingeniería. Escuela de Ingeniería Industrial | ||
| 650 | |x SEIS SIGMA (CONTROL DE CALIDAD ESTANDAR) |x CIRCULOS DE CALIDAD |x CONTROL DE LA PRODUCCION |x INSTITUTO COSTARRICENSE DE ELECTRICIDAD |9 747 | ||
| 700 | |9 746 |a Sáenz Corella, Pedro | ||
| 942 | |c TFG | ||
| 999 | |c 13829 |d 13829 | ||
